| 000 | 00886cas a2200229 a 4500 | ||
|---|---|---|---|
| 005 | 20171122120816.0 | ||
| 008 | 051108c19899999ck frzp rnn 0 a0spa d | ||
| 022 | _a0121-0777 | ||
| 040 |
_aCO-BoPUJ _cCO-BoIAVH _dCO-BoIAVH |
||
| 041 | 0 | _aspa | |
| 044 | _ack | ||
| 090 | _aSE | ||
| 245 | 0 | 3 |
_aEl hombre y la máquina _cFacultad de Ingeniería de la Universidad Autónoma de Occidente |
| 260 |
_aCali (Colombia) : _bUniversidad Autónoma de Occidente, _c1989-. |
||
| 300 |
_bilustraciones y gráficas ; _c28 x 21 cm. |
||
| 310 |
_b1989- _af |
||
| 650 | 2 | 6 |
_aCiencia _xAspectos sociales _vPublicaciones periódicas |
| 650 | 2 | 6 |
_aTecnología _xAspectos sociales _vPublicaciones periódicas |
| 650 | 2 | 6 |
_aIngeniería _xAspectos sociales _vPublicaciones periódicas |
| 710 | 2 |
_aUniversdad Autónoma de Occidente _bFacultad de Ingeniería |
|
| 942 |
_2z _cREVISTA |
||
| 999 |
_c19972 _d19972 |
||